| 000 | 01147ngm a22002775a 4500 | ||
|---|---|---|---|
| 001 | 11511852 | ||
| 003 | OSt | ||
| 005 | 20250901165815.0 | ||
| 007 | m| ||||||||||||||------ | ||
| 008 | 870929s1986 xx mlund | ||
| 010 | _a 87708106 | ||
| 017 |
_aPA293-685 _bU.S. Copyright Office |
||
| 040 |
_aDLC _cDLC _dDLC _eamim |
||
| 050 | 0 | 0 | _aPZ 7 .L63 2017 |
| 245 | 0 | 0 |
_aRecruits / _ca Concorde/Maurice Smith production ; director, Rafal Zielinski ; screenplay by Charles Weiner & B.K. Roderick. |
| 260 |
_aUnited States : _bConcorde/New Horizon Pictures, _c1986. |
||
| 300 |
_a8 reels of 8 on 4 : _bsd., col. ; _c35 mm. ref print. |
||
| 500 | _aCopyright: Maurice Smith Productions--Concorde Pictures. DCR 1985; PUB 11Apr86; REG 2Jun86; PA293-685. | ||
| 500 | _aInformation from COPICS data base. | ||
| 508 | _aEditor, Stephen Fanfara. | ||
| 511 | 1 | _aAlan Deveau, Annie McAuley, John Michael. | |
| 541 | _3ref print; | ||
| 710 | 2 |
_aCopyright Collection (Library of Congress) _5DLC |
|
| 906 |
_a0 _bibc _corignew _du _encip _f19 _gy-movingim |
||
| 942 |
_2lcc _cBK |
||
| 999 |
_c9484 _d9484 |
||